Music Quiz

Random Music or Kpop Quiz

Multiple Choice Music Slideshow Quiz Stats

Quiz Updated May 13, 2015

Challenge
Share
Tweet
Score 0/20 Timer 06:00
16 Plays Today
% Correct
The Kazoo is 3
93%
The Help cover is 1
79.9%
The Brothers Gibb (Bee Gees) are 1
74.1%
Skrillex is 3
73.2%
Mozart is 4
71.1%
The Radiohead logo is 3
64.8%
Joe Cocker is 2
61.9%
Me First and the Gimme Gimmes are 4
61.7%
Busta Rhymes is 4
59.3%
Keith Moon is 1
56.2%
% Correct
The VMA award is 2
52.5%
Keith Emerson is 3
44.5%
The Telephone video is 2
42.9%
The MiniDisc player is 3
42.5%
The F major chord is 2
39.8%
Kim Deal is 4
37.6%
Moonlight Sonata is 3
35.9%
The Gibson SG is 2
35.3%
Girls Generation are 4
33.4%
The release pedal symbol is 3
28.9%

You're not logged in!

Compare scores with friends on all Sporcle quizzes.
Join for Free
OR
Log In

You Might Also Like...

Show Comments

Extras

Top Quizzes Today


Score Distribution

Your Account Isn't Verified!

In order to create a playlist on Sporcle, you need to verify the email address you used during registration. Go to your Sporcle Settings to finish the process.

Report this User

Report this user for behavior that violates our Community Guidelines.

Details: